نقد فىض / Naqd-i Faiẓ / (Record no. 84948)
[ view plain ]
| 000 -LEADER | |
|---|---|
| fixed length control field | 00857cam a2200265 i 4500 |
| 001 - CONTROL NUMBER | |
| control field | 84948 |
| 003 - CONTROL NUMBER IDENTIFIER | |
| rucl marc code | BD-RjUL |
| 005 - DATE AND TIME OF LATEST TRANSACTION | |
| control field | 20250519114248.0 |
| 008 - FIXED-LENGTH DATA ELEMENTS--GENERAL INFORMATION | |
| fixed length control field | 250520s1978 ii 000 0burdo |
| 020 ## - INTERNATIONAL STANDARD BOOK NUMBER | |
| Terms of availability | Rs20.00 |
| 035 ## - SYSTEM CONTROL NUMBER | |
| System control number | (BD-RjUL)84948 |
| 040 ## - CATALOGING SOURCE | |
| Original cataloging agency | DLC |
| Transcribing agency | DLC |
| Modifying agency | DLC |
| Language of cataloging | eng |
| 041 ## - LANGUAGE CODE | |
| Language code of text/sound track or separate title | urd |
| 082 ## - DEWEY DECIMAL CLASSIFICATION NUMBER | |
| Edition number | 23 |
| Classification number | 891.4391092 |
| Author mark and year | ABN 1978 |
| 100 ## - MAIN ENTRY--PERSONAL NAME | |
| Personal name | عبّاسى، نسىم ;; ʻAbbāsī,Nasīm |
| 9 (RLIN) | 15519 |
| 245 00 - TITLE STATEMENT | |
| Title | نقد فىض / Naqd-i Faiẓ / |
| Statement of responsibility, etc. | مرتّبہ، نسىم عبّاسى.,، (Editor) / Nasīm ʻAbbāsī. |
| 250 ## - EDITION STATEMENT | |
| Edition statement | 1st.ed. |
| 260 ## - PUBLICATION, DISTRIBUTION, ETC. (IMPRINT) | |
| Place of publication, distribution, etc. | Dihlī : |
| Name of publisher, distributor, etc. | Buk Sarvis, |
| Date of publication, distribution, etc. | 1978. |
| 300 ## - PHYSICAL DESCRIPTION | |
| Pagination | 360 p. ; |
| Size | 19 cm. |
| 600 10 - SUBJECT ADDED ENTRY--PERSONAL NAME | |
| Personal name | Faiz̤, Faiz̤ Aḥmad, |
| Dates associated with a name | 1911-1984. |
| 650 #0 - SUBJECT ADDED ENTRY--TOPICAL TERM | |
| Topical term or geographic name as entry element | Poets, Urdu |
| Chronological subdivision | 20th century |
| Form subdivision | Biography. |
| 9 (RLIN) | 15520 |
| 700 1# - ADDED ENTRY--PERSONAL NAME | |
| Personal name | ʻAbbāsī, Nasīm. عبّاسى، نسىم |
| 942 ## - ADDED ENTRY ELEMENTS (KOHA) | |
| Source of classification or shelving scheme | Dewey Decimal Classification |
| Koha item type | Books |
| Lost status | Source of classification or shelving scheme | Damaged status | Not for loan | Collection code | Permanent Location | Current Location | Shelving location | Date acquired | Total Checkouts | Full call number | Date last seen | Copy number | Koha item type |
|---|---|---|---|---|---|---|---|---|---|---|---|---|---|
| Dewey Decimal Classification | Not For Loan | Non-fiction | Central Library, University of Rajshahi | Central Library, University of Rajshahi | Reading Room | 19/05/2025 | U 891.4391092 ABN 1978 | 19/05/2025 | C-1 | Books |